| 000 | 00544nam a2200205 a 4500 | ||
|---|---|---|---|
| 001 | 1799 | ||
| 003 | CDMR | ||
| 005 | 20131209130030.0 | ||
| 008 | 130130s1978||||||||||||||||||||||||||||d | ||
| 040 |
_aCDMR _bcat _cCDMR |
||
| 100 | 1 |
_aEscarpit, Robert _97 |
|
| 245 | 1 | 0 |
_aL'écrit et la communication _cRobert Escarpit |
| 250 | _a2ème éd. | ||
| 260 |
_aParis _c1978 _bPresses Universitaires de France |
||
| 300 | _a124 p. | ||
| 490 | 0 |
_aQue sais-je? _v1546 |
|
| 650 | 0 | 4 |
_93504 _aComunicació escrita |
| 650 | 0 | 4 |
_94466 _aLlibres |
| 942 |
_cMON _2udc |
||
| 999 |
_c1799 _d1799 |
||